| 000 | 01579nam a2200373Ia 4500 | ||
|---|---|---|---|
| 001 | ebr10130463 | ||
| 003 | CaPaEBR | ||
| 006 | m u | ||
| 007 | cr cn||||||||| | ||
| 008 | 030513s2004 enkb sb 001 0 lat d | ||
| 010 | _z 2003053181 | ||
| 020 | _z0511193904 | ||
| 020 | _z0521832519 | ||
| 040 |
_aCaPaEBR _cCaPaEBR |
||
| 035 | _a(OCoLC)124039343 | ||
| 050 | 1 | 4 |
_aPA6389 _b.F4 2004eb |
| 100 | 1 | _aFrontinus, Sextus Julius. | |
| 240 | 1 | 0 | _aAquis urbis Romae |
| 245 | 1 | 0 |
_aAquaeductu urbis Romae _h[electronic resource] / _cFrontinus ; edited with introduction and commentary by R.H. Rodgers. |
| 260 |
_aCambridge ; _aNew York : _bCambridge University Press, _c2004. |
||
| 300 |
_axv, 431 p. : _bmaps. |
||
| 490 | 1 |
_aCambridge classical texts and commentaries ; _v42 |
|
| 504 | _aIncludes bibliographical references (p. 360-403) and index. | ||
| 533 |
_aElectronic reproduction. _bPalo Alto, Calif. : _cebrary, _d2009. _nAvailable via World Wide Web. _nAccess may be limited to ebrary affiliated libraries. |
||
| 650 | 0 |
_aWater-supply _zItaly _zRome _vEarly works to 1800. |
|
| 650 | 0 |
_aAqueducts _zItaly _zRome _vEarly works to 1800. |
|
| 650 | 0 |
_aWater-supply _vEarly works to 1800. |
|
| 650 | 0 |
_aAqueducts _vEarly works to 1800. |
|
| 655 | 7 |
_aElectronic books. _2local |
|
| 700 | 1 |
_aRodgers, Robert H. _q(Robert Howard), _d1944- |
|
| 710 | 2 | _aebrary, Inc. | |
| 830 | 0 |
_aCambridge classical texts and commentaries ; _v42. |
|
| 856 | 4 | 0 |
_uhttp://site.ebrary.com/lib/rucke/Doc?id=10130463 _zAn electronic book accessible through the World Wide Web; click to view |
| 999 |
_c77569 _d77569 |
||